LEADER 01343nam a2200301 u 4500 001 000000056399 003 CaOOAMICUS 005 20070226120453.0 008 010406s1950 sz u000 u fre u 035 $a10871416 040 $aPUL(R)$bita 100 1 $aMichaeli, Frank.$0(OLS)http://pul/name/24917 245 10$aDieu à l'image de l'homme :$bétude de la notion anthropomorphique de Dieu dans l'Ancien Testament /$cFrank Michaeli. 260 $aNeuchâtel :$bDelachaux & Niestlé,$cc1950. 300 $a173 p. ;$c24 cm 490 1 $aBibliothèque théologique 504 $aBibliografia : p. 169-170. 630 04$aBiblia.$pV.T.$0(OLS)http://pul/subject/1661 650 4$aTeologia dogmatica.$0(OLS)http://pul/subject/663 830 0$aBibliothèque théologique.$0(OLS)http://pul/title/159 850 $aPUL 852 $aPUL$W1$xDP2 Religione 1$y63$m65 C 15$j73981$nBK-PRI$qStampati$B73981$CPULBib$Z2$F73981 $82 852 $aPUL$W1$xDP1 Fondo Cecchetti$y53$m260 G 35$j73982$nBK-PRI$b2. copia$qFondi$B73982$CPULBib$Z2$F73982 $81 941 1 $a8 941 1 $a1 961 $aINV: 20261 996 $6245$aDieu à l'image de l'homme :$bétude de la notion anthropomorphique de Dieu dans l'Ancien Testament$9(OLS)http://pul/title/75434 996 $6260$aNeuchâtel :$bDelachaux & Niestlé$9(OLS)http://pul/publisher/50449 LEADER 01450nam a2200313 u 4500 001 000000073376 003 CaOOAMICUS 005 20070226122338.0 008 020703s2002 it u000 u ita u 020 $a8879610139 035 $a10935673 040 $aIPA$bita 100 1 $aGenovese, Armando.$0(OLS)http://pul/name/41696 245 10$aS. Agostino e il Cantico dei Cantici :$btra esegesi e teologia /$cArmando Genovese. 260 $aRoma :$bInstitutum patristicum Augustinianum,$c2002. 300 $a210 p. ;$c24 cm 490 1 $aStudia ephemeridis "Augustinianum" ;$v80 500 $aComprende riferimenti bibliografici (p. 188-195) e indice. 600 04$aAugustinus,$cs., vesc. d'Ippona,$d354-430.$0(OLS)http://pul/subject/758 630 04$aBiblia.$pV.T.$pCanticum canticorum$xCritica e interpretazione.$0(OLS)http://pul/subject/687 830 0$aStudia ephemeridis Augustinianum ;$v80.$0(OLS)http://pul/title/713 850 $aPUL 852 $aPUL$W1$xSL Religione 1$y3$m21 A 80$j94824$nBK-PRI$b $qStampati$B94824$CPULBib$Z2$F94824 $HPUL94570 $81 941 1 $a8 960 $aAgostino,$cs., vesc. d'Ippona,$d354-430$9758 983 0$aSEA. 996 $6020$a8879610139$9(OLS)http://pul/number/94662 996 $6245$aS. Agostino e il Cantico dei Cantici :$btra esegesi e teologia$9(OLS)http://pul/title/96432 996 $6260$aRoma :$bInstitutum patristicum Augustinianum$9(OLS)http://pul/publisher/52478